Z analytickej filozofie 1. /
Uložené v:
| Ďalší autori: | |
|---|---|
| Médium: | Kniha |
| Jazyk: | Slovak |
| Vydané: |
Bratislava :
Univerzita Komenského,
1993
|
| Vydanie: | 1. vyd. |
| Témy: | |
| ISBN: |
8022306312 (brož.) |
| Fyzický popis: |
110 s. |
| Tagy: |
Pridať tag
Žiadne tagy, Buďte prvý kto otaguje tento záznam!
|
Titul je dostupný aj v ... 

MARC
| LEADER | 00000nam a2200000 a 4500 | ||
|---|---|---|---|
| 001 | 000069713 | ||
| 003 | SVKK | ||
| 005 | 20010430000000.0 | ||
| 008 | 000526s1993 un e sloo | ||
| 020 | |a 8022306312 (brož.) | ||
| 040 | |a SVKKK |b slo |c SVKKK |e AACR2 | ||
| 041 | 0 | |a slo | |
| 044 | |a un |c UA | ||
| 080 | |a 14(075.8) |2 1997 | ||
| 245 | 0 | 0 | |a Z analytickej filozofie 1. / |c Zost. Dezider Kamhal |
| 250 | |a 1. vyd. | ||
| 260 | |a Bratislava : |b Univerzita Komenského, |c 1993 | ||
| 300 | |a 110 s. | ||
| 653 | 0 | |a filozofia analytická |2 SVKKKPH | |
| 653 | 0 | |a učebnice VŠ |2 SVKKKPH | |
| 655 | 7 | |a učebnice vysokých škôl |2 SVKKKPH | |
| 700 | 1 | |a Kamhal, Dezider |4 com | |
| 910 | |a svkkk | ||
| 919 | |a 80-223-0631-2 | ||
| 974 | |a MI |d 20001120 | ||
| 974 | |a PA |d 20001120 | ||
| 974 | |a PA |d 20010430 | ||
| 998 | |a BK | ||
| 090 | |g SCKHL |k Sklad Pribinova 2. posch. |a II.355102 |j 864854 |i 2721193381 |s Povinný výt. | ||
| 090 | |g SCKHL |k Sklad Pribinova 2. posch. |a III.161651 |j 868170 |i 2720233024 |s Absenčne | ||
| 090 | |g SCKHL |k Sklad Pribinova 2. posch. |a III.161652 |j 868171 |i 69713-20 |4 Multiplikát |s Vyradená | ||